| 000 | 01686cam a2200505 4500 | ||
|---|---|---|---|
| 001 | 8520095 | ||
| 003 | OSt | ||
| 005 | 20180116183025.0 | ||
| 008 | 730828r19731960enk 000 1 eng | ||
| 015 | _aGB73-21764 | ||
| 020 | _a0586038485 (pbk) | ||
| 020 | _a9780586038482 (pbk) | ||
| 029 | 0 |
_aUKM _bb7321764 |
|
| 029 | 1 |
_aNZ1 _b4647061 |
|
| 029 | 1 |
_aAU@ _b000003548532 |
|
| 029 | 1 |
_aUNITY _b023969865 |
|
| 029 | 1 |
_aCOVCL _b0586038485 |
|
| 029 | 1 |
_aUKLMB _b0586038485 |
|
| 029 | 1 |
_aUKSMB _b0586038485 |
|
| 029 | 1 |
_aUKWIR _b0586038485 |
|
| 029 | 1 |
_aUKSLI _b0586038485 |
|
| 029 | 1 |
_aUKSCO _b0586038485 |
|
| 029 | 1 |
_aUKYLI _b0586038485 |
|
| 029 | 1 |
_aUKTAL _b0586038485 |
|
| 035 | _a(OCoLC)ocm16239428 | ||
| 035 | _a(OCoLC)16239428 | ||
| 035 | _a(NNC)8520095 | ||
| 040 |
_aUKM _cUKM _dOCL _dOCLCG |
||
| 082 | 0 | 0 |
_a813.52 SMI 1978 _218 |
| 100 | 1 |
_aSmith, E. E. _q(Edward Elmer), _d1890-1965. |
|
| 240 | 1 | 0 | _aVortex Blaster |
| 245 | 1 | 0 |
_aMasters of the Vortex : _b(original title: The Vortex Blaster); the seventh novel of the Lensman series / _cE.E. 'Doc' Smith. |
| 260 |
_aSt Albans : _bPanther, _c1973. |
||
| 300 |
_a192 p. ; _c18 cm. |
||
| 440 | _aMasters of the Vortex | ||
| 490 | 1 |
_aLensman series / E. E. Doc Smith ; _v7 |
|
| 490 | 1 | _aPanther science fiction | |
| 500 | _aOriginally published as 'The Vortex Blaster,' Hicksville: Gnome Press, 1960; and as 'Masters of the Vortex,' London: W.H. Allen, 1972. | ||
| 653 | _aFiction in English, 1900- Texts | ||
| 800 | 1 |
_aSmith, E. E. _q(Edward Elmer), _d1890-1965. _tLensman series ; _v7. |
|
| 830 | 0 | _aPanther science fiction. | |
| 942 |
_2ddc _cBK |
||
| 948 | 1 |
_a20110304 _bc _cgarecap3 _dOSMC |
|
| 999 |
_c350754 _d350754 |
||